000 01454nam a2200445 i 4500
001 24768
003 KOSZ 005
005 20200714124055.0
008 970510s1993 pl a f |000 0 pol
015 _aUWD 1993/9830
020 _a8301112719
035 _a991001138459705066
035 _a(PL-WaBN)b10337593-48omnis_nlop
035 _ab10337593
035 _a(OCoLC)749733764
035 _a(PL)b0000001033759
035 _a(EXLNZ-48OMNIS_NETWORK)9910360162805606
040 _aWA N
_cWA N
_dKOSZ 005/EG
080 _a005.1
100 1 _aBolesta-Kukułka, Krystyna
_d(1941-2004)
_eAutor
245 1 0 _aJak patrzeć na świat organizacji /
_cKrystyna Bolesta-Kukułka.
260 _aWarszawa :
_bWydaw. Naukowe PWN,
_c1993.
300 _a244 s. :
_brys., wykr. ;
_c21 cm.
336 _aTekst
_btxt
_2rdacontent
337 _aBez urządzenia pośredniczącego
_bn
_2rdamedia
338 _aWolumin
_bnc
_2rdacarrier
380 _aKsiążki
388 _a1901-2000
388 _a1989-2000
490 1 _aEkonomia na Co Dzień
504 _aBibliogr. s. 244.
650 7 _aOrganizacja
_2DBN
650 7 _aZarządzanie
_2DBN
658 _aZarządzanie i marketing
710 2 _aWydawnictwo Naukowe PWN
_4pbl
830 0 _aEkonomia na Co Dzień
856 _uhttp://koha.tu.koszalin.pl/cgi-bin/koha/opac-detail.pl?biblionumber=24768
_yKatalog online BPK
942 _2UKD
_cKS
999 _c24768
_d24768